[Event "Mecklenburg VP-ch U14"]
[Site "Malchow"]
[Date "2018.02.07"]
[Round "4.9"]
[White "Kruse, Johannes"]
[Black "Peilert, Janno"]
[Result "1-0"]
[WhiteElo "1213"]
[BlackElo "963"]
[PlyCount "101"]
[EventDate "2018.02.07"]
[EventType "swiss"]
[EventRounds "7"]
[EventCountry "GER"]
[SourceTitle "EXT 2022"]
[Source "ChessBase"]
[SourceDate "2021.10.06"]
[SourceVersion "1"]
[SourceVersionDate "2021.10.06"]
[SourceQuality "1"]

1. Nf3 Nc6 2. g3 e5 3. e4 Nf6 4. Bg2 Bc5 5. d3 0-0 6. 0-0 d6 7. Bg5 h6 8. Bxf6 Qxf6 9. Nc3 Bg4 10. Nd5 Qd8 11. c3 a6 12. b4 Ba7 13. Qb3 Be6 14. Qc2 Ne7 15. Nxe7+ Qxe7 16. d4 exd4 17. cxd4 Bg4 18. Rfd1 c6 19. h3 Bh5 20. d5 Rfc8 21. Qd3 cxd5 22. Qxd5 Bxf3 23. Bxf3 Rc6 24. Rac1 Rac8 25. Rxc6 Rxc6 26. e5 dxe5 27. Qd8+ Qf8 28. Qxf8+ Kxf8 29. Bxc6 bxc6 30. Rd6 f5 31. Rxc6 Kf7 32. Rc7+ Ke6 33. Rxa7 Kd5 34. Rxg7 e4 35. Rf7 Ke5 36. g4 f4 37. Rf5+ Kd4 38. Rxf4 Kd3 39. a4 Kd4 40. b5 axb5 41. axb5 Kc5 42. Rxe4 Kxb5 43. Re5+ Kc6 44. Re6+ Kd5 45. Rxh6 Ke5 46. g5 Kf5 47. g6 Kg5 48. g7 Kxh6 49. g8Q Kh5 50. Qg7 Kh4 51. Qg4# 1-0

[Event "Mecklenburg VP-ch U12"]
[Site "Malchow"]
[Date "2015.02.01"]
[Round "3.8"]
[White "Lenk, Enrico Lars"]
[Black "Peilert, Janno"]
[Result "0-1"]
[WhiteElo "807"]
[BlackElo "978"]
[PlyCount "118"]
[EventDate "2015.01.31"]
[EventType "swiss"]
[EventRounds "7"]
[EventCountry "GER"]
[SourceTitle "EXT 2022"]
[Source "ChessBase"]
[SourceDate "2021.10.06"]
[SourceVersion "1"]
[SourceVersionDate "2021.10.06"]
[SourceQuality "1"]

1. e4 e5 2. Nf3 Nc6 3. Bb5 a6 4. Bxc6 dxc6 5. Nxe5 Qg5 6. d4 Qxg2 7. Rf1 Qxe4+ 8. Be3 Bb4+ 9. Nc3 Bxc3+ 10. bxc3 Qd5 11. c4 Qd8 12. Qf3 Nf6 13. 0-0-0 Be6 14. c5 Bxa2 15. Qe2 Qd5 16. Kd2 b6 17. cxb6 cxb6 18. Bf4 Qxd4+ 19. Ke1 Qxf4 20. Nd3+ Qe4 21. Qxe4+ Nxe4 22. Ne5 c5 23. Rd3 0-0 24. f3 Ng5 25. Rg1 Ne6 26. Nd7 Rfe8 27. Nxb6 Rab8 28. Nd7 Rbc8 29. Ra3 Bc4 30. Ne5 Nd4 31. Kf2 Rxe5 32. Ra4 Re2+ 33. Kg3 Nf5+ 34. Kf4 Be6 35. Rxa6 Rxh2 36. Rga1 Rh4+ 37. Ke5 Kf8 38. Ra8 Rxa8 39. Rxa8+ Ke7 40. Ra7+ Bd7 41. Kd5 Rd4+ 42. Kxc5 Ke6 43. Ra6+ Ke5 44. c3 Rd6 45. f4+ Kxf4 46. Rxd6 Nxd6 47. Kxd6 Ba4 48. c4 g5 49. c5 g4 50. c6 Bxc6 51. Kxc6 g3 52. Kd6 g2 53. Ke7 g1Q 54. Kxf7 Qg5 55. Ke6 Qa5 56. Kf6 Qa6+ 57. Kg7 Kf5 58. Kxh7 Kg5 59. Kg7 Qa7+ 0-1

[Event "Mecklenburg VP-ch U12"]
[Site "Malchow"]
[Date "2015.01.31"]
[Round "1.2"]
[White "Marzisch, Darius"]
[Black "Peilert, Janno"]
[Result "1-0"]
[WhiteElo "1499"]
[BlackElo "978"]
[PlyCount "43"]
[EventDate "2015.01.31"]
[EventType "swiss"]
[EventRounds "7"]
[EventCountry "GER"]
[SourceTitle "EXT 2022"]
[Source "ChessBase"]
[SourceDate "2021.10.06"]
[SourceVersion "1"]
[SourceVersionDate "2021.10.06"]
[SourceQuality "1"]

1. e4 e5 2. Nf3 Nc6 3. Bc4 Bc5 4. Nc3 d6 5. h3 h6 6. d3 Nf6 7. Be3 Bb4 8. 0-0 0-0 9. Nd5 Bd7 10. Bb5 a6 11. Bxc6 Bxc6 12. Nxb4 Bd7 13. c3 c5 14. Nd5 Nh7 15. Nd2 f5 16. Nc4 Rb8 17. Nxd6 b6 18. Nc4 Re8 19. Nd6 Rf8 20. Qb3 f4 21. Nxf4+ Kh8 22. Ng6# 1-0